| 000 | 00890nam a22002417a 4500 | ||
|---|---|---|---|
| 005 | 20150126162757.0 | ||
| 008 | 140528b1993 ck ||||| |||| 00| 0 spa d | ||
| 040 |
_aCO-BoIAVH _cCO-BoIAVH |
||
| 041 | _aspa | ||
| 044 | _ack | ||
| 082 |
_a392.36 _bL86m |
||
| 100 | 1 |
_aLópez-Alvarez, María Cecilia _924310 |
|
| 245 | 1 | 3 | _aLa maloca y el territorio |
| 260 |
_aBogotá _bCentro Experimental Piloto del Amazonas _c1993 |
||
| 300 |
_a79 p. _bil. _c28 cm. |
||
| 500 | _aPrograma de profesionalización de maestros indígenas. La Chorrera - Amazonas. Ciencias Sociales - Naturaleza y Cultura Uitoto | ||
| 504 | _aIncluye bibliografía (pag. 79) | ||
| 650 |
_aIndígenas de Colombia _zVida social y costumbres. _932126 |
||
| 650 | 6 |
_aViviendas indígenas _zColombia _932127 |
|
| 650 | 6 |
_aArquitectura indígena _zColombia _932128 |
|
| 651 |
_aColombia _zAmazonas _932129 |
||
| 942 |
_2ddc _cImpreso |
||
| 999 |
_c8462 _d8462 |
||